E Street shuffle : (Record no. 344)

MARC details
000 -LEADER
fixed length control field 00854cam a22002778a 4500
001 - CONTROL NUMBER
control field 4891221
005 - DATE AND TIME OF LATEST TRANSACTION
control field 20200421093827.0
008 - FIXED-LENGTH DATA ELEMENTS--GENERAL INFORMATION
fixed length control field 120614s2012 enk 000 0beng d
015 ## - NATIONAL BIBLIOGRAPHY NUMBER
National bibliography number GBB260217
Source bnb
020 ## - INTERNATIONAL STANDARD BOOK NUMBER
International Standard Book Number 9781780335797 (hbk.) :
Terms of availability £20.00
020 ## - INTERNATIONAL STANDARD BOOK NUMBER
International Standard Book Number 1780335792 (hbk.) :
Terms of availability £20.00
020 ## - INTERNATIONAL STANDARD BOOK NUMBER
International Standard Book Number 9781780338682 (pbk.)
035 ## - SYSTEM CONTROL NUMBER
System control number (Uk)016107633
035 ## - SYSTEM CONTROL NUMBER
System control number 2736204
040 ## - CATALOGING SOURCE
Original cataloging agency StDuBDS
Language of cataloging eng
Transcribing agency StDuBDS
082 04 - DEWEY DECIMAL CLASSIFICATION NUMBER
Classification number 782.42166092
Edition information 23
100 1# - MAIN ENTRY--PERSONAL NAME
Personal name Heylin, Clinton.
9 (RLIN) 1702
245 10 - TITLE STATEMENT
Title E Street shuffle :
Remainder of title the glory days of Bruce Springsteen & the E Street Band /
Statement of responsibility, etc. Clinton Heylin.
260 ## - PUBLICATION, DISTRIBUTION, ETC.
Place of publication, distribution, etc. London :
Name of publisher, distributor, etc. Constable,
Date of publication, distribution, etc. 2012.
263 ## - PROJECTED PUBLICATION DATE
Projected publication date 201210
300 ## - PHYSICAL DESCRIPTION
Extent 1 v. ;
Dimensions 20 cm.
600 10 - SUBJECT ADDED ENTRY--PERSONAL NAME
Personal name Springsteen, Bruce.
9 (RLIN) 1703
610 20 - SUBJECT ADDED ENTRY--CORPORATE NAME
Corporate name or jurisdiction name as entry element E Street Band.
9 (RLIN) 1704
650 #0 - SUBJECT ADDED ENTRY--TOPICAL TERM
Topical term or geographic name entry element Rock musicians
Geographic subdivision United States
Form subdivision Biography.
9 (RLIN) 1705
942 ## - ADDED ENTRY ELEMENTS (KOHA)
Source of classification or shelving scheme Dewey Decimal Classification
Koha item type Books
Holdings
Withdrawn status Lost status Damaged status Not for loan Collection Home library Current library Shelving location Date acquired Barcode Date last seen Price effective from Koha item type
        Reference Centerville Centerville General stacks 09/04/2014 39999000014952 09/04/2014 09/04/2014 Books
        Reference Centerville Centerville General stacks 09/04/2014 39999000014976 09/04/2014 09/04/2014 Books
        Reference Midway Midway General stacks 09/04/2014 39999000014990 09/04/2014 09/04/2014 Books